[Event "Nordsjalland Weekend Gr 1"]
[Site "Allerod"]
[Date "2020.01.05"]
[Round "5"]
[White "Nielsen, Klaus"]
[Black "Kokfelt, Thomas Find"]
[Result "1-0"]
[WhiteElo "1981"]
[BlackElo "1935"]
[PlyCount "111"]
[EventDate "2020.01.03"]
[EventType "tourn"]
[EventRounds "5"]
[EventCountry "DEN"]
[SourceTitle "EXT 2021"]
[Source "ChessBase"]
[SourceDate "2020.10.23"]
[SourceVersion "1"]
[SourceVersionDate "2020.10.23"]
[SourceQuality "1"]

1. d4 Nf6 2. Nf3 g6 3. Nc3 Bg7 4. Bg5 d6 5. Qd2 Nbd7 6. e4 c6 7. Bd3 Qa5 8. a3 e5 9. b4 Qc7 10. dxe5 dxe5 11. 0-0 h6 12. Bh4 g5 13. Bg3 Nh5 14. b5 Nc5 15. bxc6 bxc6 16. Bc4 Be6 17. Bxe6 Nxe6 18. Na4 0-0 19. Qc3 Nhf4 20. Kh1 c5 21. Qc4 Rac8 22. Nc3 Nd4 23. Rab1 Rfd8 24. Bxf4 exf4 25. Nd5 Qd7 26. c3 Ne6 27. Rfd1 Kf8 28. Rd2 Qc6 29. Rdb2 Nc7 30. Rd2 f5 31. Nxc7 Qxc7 32. Rxd8+ Rxd8 33. exf5 Qd6 34. h3 Qd5 35. Qa6 Qxf5 36. Re1 Bxc3 37. Qxh6+ Bg7 38. Qa6 Qd5 39. Qxa7 Rd7 40. Qb8+ Rd8 41. Qa7 Rd7 42. Qa4 Bf6 43. Qc2 Kg7 44. Rc1 Bd4 45. Nxd4 cxd4 46. Qd3 Kf6 47. Re1 Rc7 48. Re4 Rc1+ 49. Kh2 Rc4 50. h4 Ra4 51. Qf3 Qd6 52. Qg4 f3+ 53. g3 Qd5 54. hxg5+ Kg7 55. Qf4 Ra7 56. Qf6+ 1-0

[Event "Skjold Burne Hillerod op"]
[Site "Hillerod"]
[Date "2018.10.23"]
[Round "7"]
[White "Rabjerg, Hans Rasmus"]
[Black "Kokfelt, Thomas Find"]
[Result "0-1"]
[WhiteElo "1668"]
[BlackElo "1871"]
[PlyCount "54"]
[EventDate "2018.09.25"]
[EventType "swiss"]
[EventRounds "7"]
[EventCountry "DEN"]
[SourceTitle "EXT 2020"]
[Source "ChessBase"]
[SourceDate "2019.10.17"]
[SourceVersion "1"]
[SourceVersionDate "2019.10.17"]
[SourceQuality "1"]

1. e4 c5 2. c3 d5 3. exd5 Qxd5 4. c4 Qd6 5. Nf3 Nc6 6. Nc3 Nf6 7. Be2 g6 8. 0-0 Bg7 9. d3 0-0 10. Be3 b6 11. Qd2 Rd8 12. Rad1 Bb7 13. Bh6 Bh8 14. Ng5 Nd4 15. f4 Nf5 16. Nb5 Qd7 17. Nf3 Nxh6 18. Ne5 Qc8 19. h4 Nf5 20. g4 Ng3 21. Rf2 Nfe4 22. Qe3 Nxf2 23. Kxf2 Nxe2 24. Qxe2 a6 25. Nc3 Bxe5 26. Qxe5 Qxg4 27. Rg1 Qxh4+ 0-1

[Event "Skjold Burne Hillerod op"]
[Site "Hillerod"]
[Date "2018.10.02"]
[Round "4"]
[White "Kokfelt, Thomas Find"]
[Black "Lavrsen, Frands Winther"]
[Result "1/2-1/2"]
[WhiteElo "1871"]
[BlackElo "1753"]
[PlyCount "77"]
[EventDate "2018.09.25"]
[EventType "swiss"]
[EventRounds "7"]
[EventCountry "DEN"]
[SourceTitle "EXT 2020"]
[Source "ChessBase"]
[SourceDate "2019.10.17"]
[SourceVersion "1"]
[SourceVersionDate "2019.10.17"]
[SourceQuality "1"]

1. e4 Nc6 2. Nf3 Nf6 3. e5 Ng4 4. d4 d6 5. exd6 exd6 6. c3 Be7 7. Bd3 0-0 8. h3 Nf6 9. Nbd2 Be6 10. Qc2 h6 11. b4 Qd7 12. Nc4 Nd5 13. Bd2 Bf6 14. 0-0 Rfe8 15. a4 Nce7 16. Rfe1 Nf5 17. Ne3 Nh4 18. Nxh4 Nxe3 19. Bxe3 Bxh4 20. c4 c6 21. Rad1 d5 22. c5 Bd8 23. Rb1 Bc7 24. f4 f5 25. b5 g5 26. Qd2 g4 27. bxc6 bxc6 28. hxg4 fxg4 29. g3 Bf5 30. Bf2 Rxe1+ 31. Bxe1 Rb8 32. Rxb8+ Bxb8 33. Qc2 Bxd3 34. Qxd3 Qe6 35. Ba5 Kg7 36. Kf2 h5 37. Bd8 Qe8 38. Bg5 Qe6 39. f5 1/2-1/2